La filosofía en acción / (Record no. 26783)

MARC details
000 -LEADER
campo de control de longitud fija 00863nam a2200241 i 4500
001 - NÚMERO DE CONTROL
campo de control 26783
003 - IDENTIFICADOR DE NÚMERO DE CONTROL
campo de control ES-MaACL
007 - CAMPO FIJO DE DESCRIPCIÓN FÍSICA--INFORMACIÓN GENERAL
campo de control de longitud fija t|
008 - DATOS DE LONGITUD FIJA--INFORMACIÓN GENERAL
campo de control de longitud fija 030110s1976 mx ||||1| spa d
020 ## - NÚMERO INTERNACIONAL ESTÁNDAR DEL LIBRO
Número Internacional Estándar del Libro 84-375-0063-X
245 03 - MENCIÓN DEL TÍTULO
Título La filosofía en acción /
Mención de responsabilidad, etc. por J. L. Austin ... [et al.] ; recopilación e introducción de Alan R. White ; [traducción de Sonia Block Sevilla].
250 ## - MENCION DE EDICION
Mención de edición [1ª ed. español].
260 ## - PUBLICACIÓN, DISTRIBUCIÓN, ETC.
Lugar de publicación, distribución, etc. México [etc.] :
Nombre del editor, distribuidor, etc. Fondo de Cultura Económica,
Fecha de publicación, distribución, etc. 1976.
300 ## - DESCRIPCIÓN FÍSICA
Extensión 242 p. ;
Dimensiones 18 cm.
490 1# - MENCIÓN DE SERIE
Mención de serie Breviarios del Fondo de Cultura Económica ;
Designación de volumen o secuencia 246
504 ## - NOTA DE BIBLIOGRAFÍA, ETC.
Nota de bibliografía, etc. Bibliografía.
700 1# - ENTRADA AGREGADA--NOMBRE PERSONAL
Nombre de persona White, Alan R.
9 (RLIN) 116648
700 1# - ENTRADA AGREGADA--NOMBRE PERSONAL
Nombre de persona Sevilla Block, Sonia.
9 (RLIN) 105936
700 1# - ENTRADA AGREGADA--NOMBRE PERSONAL
Nombre de persona Austin, J. L.
9 (RLIN) 23957
830 0# - PUNTO DE ACCESO ADICIONAL DE SERIE-TÍTULO UNIFORME
Título uniforme Breviarios del Fondo de Cultura Económica ;
Designación de volumen o secuencia 246
9 (RLIN) 179682
852 ## - LOCALIZACIÓN
Ubicación ES-MaACL
Número de control de estantería L-8382
Sublocalización o colección R.109080
Holdings
Estatus retirado Estado de pérdida Estado de daño No para préstamo Biblioteca de origen Biblioteca actual Ubicación en estantería Fecha de adquisición Fuente de adquisición Total de préstamos Signatura topográfica completa Código de barras Visto por última vez Precio de reemplazo Tipo de ítem Koha
        Biblioteca del Ateneo de Madrid Biblioteca del Ateneo de Madrid Depósito 2 17/01/2008     L-8382 1027643 23/02/2023 23/02/2023 Libro impreso